| 000 | 00570nam a22001937a 4500 | ||
|---|---|---|---|
| 003 | OSt | ||
| 005 | 20140310182212.0 | ||
| 008 | 130906t xxu||||| |||| 00| 0 eng d | ||
| 020 | _a0882733257 | ||
| 050 |
_aD 359 _b.P655 1973 |
||
| 082 |
_aHS 940.2 _bP65 1979 |
||
| 100 |
_aPinkney, David H. _916849 |
||
| 245 |
_aThe world of Europe : _bthe nineteenth century 1815-1914 / _cDavid H. Pinkney. |
||
| 260 |
_aSt. Louis , Miss. : _bForum Press, _cc1973. |
||
| 650 |
_aEurope _xHistory _x1789-1900 _916850 |
||
| 942 |
_2lcc _cHS |
||
| 999 |
_c10510 _d10510 |
||